Cyclisme : Français vainqueurs d'une course World Tour - Statistiques

Statistiques générales
  • Ce quiz a été pris 214 fois
    150 depuis la dernière actualisation
  • Le résultat moyen est 8 sur 13
Statistiques - réponses
Cycliste % Correct
Julian Alaphilippe
100%
Paul Seixas
98%
Thibaut Pinot
89%
Arnaud Démare
86%
Christophe Laporte
83%
Benoît Cosnefroy
68%
Valentin Madouas
63%
Thomas Voeckler
55%
Christophe Moreau
52%
Sylvain Chavanel
41%
Tony Gallopin
27%
Pierrick Fédrigo
15%
Frédéric Guesdon
9%
Aucun quiz correspondant
Distribution des résultats
% des personnes avec chaque résultat
Percentile par nombre de réponses
Votre historique - résultats
Vous n’avez pas pris ce quiz depuis la dernière actualisation